| 000 | 00000nam 2200000za 4500 |
| 001 | 9.675869 |
| 003 | CaOODSP |
| 005 | 20250509162051 |
| 007 | cr ||||||||||| |
| 008 | 150407|2012||||xxc|||||o f|0| 0 spa d |
| 020 | |a978-0-662-03734-7 |
| 040 | |aCaOODSP|beng |
| 043 | |an-cn--- |
| 086 | 1 |aT29-45/1-2011Spa-PDF|zT29-45/1-2011Sp-PDF |
| 110 | 1 |aCanada. |bTransport Canada. |
| 245 | 10|aKey breakbulk ports of Canada's Atlantic Gateway |h[electronic resource] |
| 246 | 1 |aSu solución de transporte eficiente, confiable y segura |
| 250 | |a[Spanish edition]. |
| 260 | |aOttawa - Ontario : |bTransport Canada |cc2011. |
| 300 | |a6p.|bmap, photographs |
| 546 | |aText in Spanish. |
| 590 | |a13-22-Supp|b2013-09-26 |
| 792 | |tPrincipaux ports de marchandises diverses de la Porte canadienne de l'Atlantique |efre|w(CaOODSP)9.675870 |
| 856 | 40|ahttp://publications.gc.ca|qPDF|s2.72 MB|uhttps://publications.gc.ca/collections/collection_2013/tc/T29-45-1-2011-spa.pdf |
| 986 | |aTP 15164T |